Estadísticas para Escritura rápida de 1 a 100 con un dedo

Haz click aquí para intentar la prueba.

Estadísticas generales

  • Esta prueba ha sido intentada 245 veces
  • La puntuación promedio es 72 de 100

Estadísticas de respuestas

#% Correcto
1
100%
2
97%
5
97%
3
96%
4
96%
6
96%
8
96%
9
96%
7
95%
10
90%
11
90%
12
90%
21
90%
22
89%
24
89%
25
89%
26
89%
15
88%
16
88%
23
88%
27
88%
28
88%
29
88%
13
87%
14
87%
20
87%
31
87%
17
86%
18
86%
19
86%
32
86%
30
85%
35
85%
40
85%
41
85%
33
84%
34
84%
37
84%
38
84%
39
84%
54
84%
36
83%
42
83%
45
83%
43
82%
44
82%
51
82%
49
81%
50
81%
48
80%
52
80%
53
80%
46
79%
47
79%
55
77%
56
77%
58
74%
61
74%
57
73%
59
73%
65
73%
60
72%
62
72%
63
72%
64
72%
66
69%
70
67%
67
66%
68
66%
69
65%
71
64%
72
61%
76
60%
73
59%
75
57%
78
57%
74
56%
77
56%
79
53%
80
53%
81
51%
83
49%
82
48%
84
47%
85
47%
87
46%
86
45%
90
44%
88
43%
89
41%
91
41%
92
39%
93
36%
94
36%
95
33%
96
32%
97
32%
98
32%
99
32%
100
29%

Distribución de puntuación

Porcentaje por número respondido

Porcentaje de gente con cada puntuación

Historial de tus puntuaciones

No has intentado esta prueba.